Agricultura de patio / Emilio Olivo (Registro nro. 3626)

Detalles MARC
000 -LEADER
fixed length control field 00499nam a22001931a 4500
001 - CONTROL NUMBER
control field 3626
003 - CONTROL NUMBER IDENTIFIER
control field OSt
005 - DATE AND TIME OF LATEST TRANSACTION
control field 20260204211857.0
008 - FIXED-LENGTH DATA ELEMENTS--GENERAL INFORMATION
fixed length control field 050116s1996||||dr ||||||b||||||||||spa||
050 ## - LIBRARY OF CONGRESS CALL NUMBER
Classification number RD 630 F963a
082 ## - DEWEY DECIMAL CLASSIFICATION NUMBER
Classification number RD630 F963a
110 ## - ASIENTO PRINCIPAL -- NOMBRE CORPORATIVO
Corporate name or jurisdiction name as entry element Fundación de Desarrollo Agropecuario
245 ## - TÍTULO PROPIAMENTE DICHO: SUBTÍTULO
Title Agricultura de patio / Emilio Olivo
264 ## - PRODUCTION, PUBLICATION, DISTRIBUTION, MANUFACTURE, AND COPYRIGHT NOTICE
Place of production, publication, distribution, manufacture Santo Domingo : F.D.A
300 ## - PHYSICAL DESCRIPTION
Extensión 28 p
490 ## - MENCIÓN DE SERIE
Series statement Serie Cultivo, Guía técnica No. 29
650 ## - ASIENTO SECUNDARIO DE MATERIA -- TERMINO TEMÁTICO
Termino Temático Como Elemento de Entrada 1.AgriculturaÌ
942 ## - ADDED ENTRY ELEMENTS (KOHA)
Source of classification or shelving scheme Dewey Decimal Classification
Koha item type Libros
Existencias
Withdrawn status Lost status Source of classification or shelving scheme Damaged status Not for loan Current library Date acquired Total Checkouts Full call number Barcode Date last seen Price effective from Koha item type
    Dewey Decimal Classification     Biblioteca UTECO 09/09/2019   RD 630 F963A 007910 09/09/2019 09/09/2019 Libros
© 2021 Derechos Reservados UTECO - Teléfono: +1 809-585-2291 - Correo electrónico: biblioteca@uteco.edu.do​  
Código postal 43000 ​​
Dirección: Avenida Universitaria No. 100, 
Cotuí, Provincia Sánchez Ramírez, República Dominicana - RNC: 404-00059-6